000 01478nam a2200325 a 4500
999 _c1784
_d1784
003 AR-BaISA
005 20250321164827.0
007 ta
008 250321s2019 ag ||||f |||| 000 0 spa d
020 _a9789506498795
040 _bspa
_cAR-BaISA
082 0 4 _222
_a150.195 L575
245 0 0 _aNuevas formas de "síntomas":
_bla desmentida como defensa del sujeto adicto en la hipermodernidad. Reflexiones psicoanalíticas /
_cMabel Levato (autora y compiladora); Silvia Maioli (co-compiladora), Mariana Dopazo, Juan Carlos Giannettino, Myriam Ferreri
260 _aBuenos Aires:
_bLetra Viva,
_c2019
300 _a134 p.
490 _aSujeto, época y psicoanálisis
504 _aBibliografía p.: 129-134
505 _tAnálisis de la desmentida (Die Verleugnung) --
_tAnálisis del fetichismo en el discurso actual --
_tLa época de la satisfacción inmediata --
_tLas nuevas formas de síntoma --
_tLas neurosis en la hipermodernidad --
_tLa incidencia del discurso en el sujeto hipermoderno: toxicomanías
650 1 4 _93676
_aSistema social
650 1 4 _9141
_aPsicoanálisis
650 1 4 _93677
_aSociedad contemporánea
650 1 4 _91721
_aAdicciones
700 _93662
_aLevato, Mabel
_eaut.
_ecomp.
700 _93678
_aMaioli, Silvia
_ecomp.
700 _93669
_aDopazo. Mariana
_ecolab.
700 _93679
_aGiannettino, Juan Carlos
_eaut.
700 _93680
_aFerreri, Myriam
_eaut.
830 _93681
_aSujeto, época y psicoanálisis
942 _2ddc
_cLI
_e22